[Event "Open A"]
[Site "Polanica-Zdroj"]
[Date "2017.08.19"]
[Round "1.11"]
[White "Bachor, Tomasz"]
[Black "Kukula, Pawel"]
[Result "0-1"]
[BlackElo "2224"]
[WhiteElo "1898"]
[LiveChessVersion "1.4.8"]

1. e4 {[%clk 1:30:57]} Nc6 {[%clk 1:30:44]} 2. Nf3 {[%clk 1:28:56]} d6
{[%clk 1:31:06]} 3. d4 {[%clk 1:28:56]} Nf6 {[%clk 1:31:29]} 4. Nc3
{[%clk 1:28:04]} Bg4 {[%clk 1:31:52]} 5. Be2 {[%clk 1:25:00]} e6 {[%clk 1:32:15]}
6. Be3 {[%clk 1:22:57]} Be7 {[%clk 1:32:29]} 7. h3 {[%clk 1:21:54]} Bh5
{[%clk 1:32:37]} 8. Nd2 {[%clk 1:18:00]} Bxe2 {[%clk 1:31:18]} 9. Qxe2
{[%clk 1:17:42]} O-O {[%clk 1:31:36]} 10. O-O-O {[%clk 1:11:58]} d5
{[%clk 1:31:37]} 11. e5 {[%clk 1:07:49]} Nd7 {[%clk 1:31:55]} 12. f4
{[%clk 1:07:41]} Nb6 {[%clk 1:26:50]} 13. g4 {[%clk 1:03:47]} f6 {[%clk 1:26:45]}
14. Rhf1 {[%clk 0:53:34]} fxe5 {[%clk 1:25:46]} 15. fxe5 {[%clk 0:53:51]} Qd7
{[%clk 1:22:36]} 16. g5 {[%clk 0:50:27]} Bb4 {[%clk 1:16:03]} 17. Ncb1
{[%clk 0:48:36]} Bxd2+ {[%clk 1:14:49]} 18. Nxd2 {[%clk 0:48:51]} Ne7
{[%clk 1:12:19]} 19. Nb3 {[%clk 0:30:23]} Nc4 {[%clk 1:09:06]} 20. Nc5
{[%clk 0:27:21]} Qc6 {[%clk 1:09:12]} 21. b3 {[%clk 0:26:36]} Nxe3
{[%clk 1:06:42]} 22. Qxe3 {[%clk 0:27:03]} b6 {[%clk 1:07:01]} 23. Na4
{[%clk 0:23:25]} Nf5 {[%clk 1:00:19]} 24. Qg1 {[%clk 0:20:58]} Qb5
{[%clk 0:57:39]} 25. Nc3 {[%clk 0:18:30]} Qb4 {[%clk 0:53:12]} 26. Kb2
{[%clk 0:18:03]} c5 {[%clk 0:51:56]} 27. Ne2 {[%clk 0:12:30]} Qb5
{[%clk 0:50:51]} 28. Nc3 {[%clk 0:12:25]} Qc6 {[%clk 0:50:13]} 29. Ne2
{[%clk 0:11:35]} Rac8 {[%clk 0:50:01]} 30. Rd3 {[%clk 0:07:01]} cxd4
{[%clk 0:45:10]} 31. Rc1 {[%clk 0:06:04]} Qc7 {[%clk 0:41:51]} 32. Qh2
{[%clk 0:05:59]} b5 {[%clk 0:40:22]} 33. Qf4 {[%clk 0:05:11]} Ne7
{[%clk 0:40:33]} 34. Qxd4 {[%clk 0:02:44]} Nc6 {[%clk 0:40:56]} 35. Qe3
{[%clk 0:01:59]} Rf5 {[%clk 0:41:16]} 36. Nd4 {[%clk 0:01:09]} Nxd4
{[%clk 0:39:14]} 37. Qxd4 {[%clk 0:00:53]} Qxe5 {[%clk 0:39:27]} 38. Qxe5
{[%clk 0:01:05]} Rxe5 {[%clk 0:39:21]} 39. Rg3 {[%clk 0:01:02]} Re2
{[%clk 0:36:29]} 40. Rg4 {[%clk 0:30:43]} a5 {[%clk 1:06:15]} 41. h4
{[%clk 0:28:20]} Kf7 {[%clk 1:05:19]} 42. a3 {[%clk 0:27:15]} Kg6
{[%clk 1:05:03]} 43. Kb1 {[%clk 0:22:40]} e5 {[%clk 1:03:52]} 44. Rg3
{[%clk 0:21:28]} b4 {[%clk 1:01:07]} 45. axb4 {[%clk 0:21:14]} axb4
{[%clk 1:01:32]} 46. h5+ {[%clk 0:20:44]} Kf5 {[%clk 0:59:35]} 47. Rf1+
{[%clk 0:19:41]} Ke6 {[%clk 0:59:27]} 48. h6 {[%clk 0:16:34]} g6 {[%clk 0:54:30]}
49. Rf6+ {[%clk 0:11:30]} Ke7 {[%clk 0:50:47]} 50. Rgf3 {[%clk 0:11:06]} e4
{[%clk 0:51:08]} 51. Rf7+ {[%clk 0:11:24]} Ke6 {[%clk 0:51:33]} 52. R3f6+
{[%clk 0:10:07]} Ke5 {[%clk 0:51:57]} 53. Rxh7 {[%clk 0:10:11]} Rexc2
{[%clk 0:50:47]} 54. Re7+ {[%clk 0:09:08]} Kd4 {[%clk 0:51:12]} 55. Rf1
{[%clk 0:09:29]} Kc3 {[%clk 0:49:11]} 56. h7 {[%clk 0:02:19]} Rb2+
{[%clk 0:49:11]} 57. Kc1 {[%clk 0:02:45]} Kxb3+ {[%clk 0:49:35]} 58. Kd1
{[%clk 0:03:11]} Ra8 {[%clk 0:48:56]} 59. Rc7 {[%clk 0:02:18]} e3
{[%clk 0:47:25]} 0-1

[Event "Open A"]
[Site "Polanica-Zdroj"]
[Date "2017.08.20"]
[Round "2.1"]
[White "Warakomski, Tomasz"]
[Black "Klepek, Witold"]
[Result "1-0"]
[BlackElo "2104"]
[WhiteElo "2536"]
[LiveChessVersion "1.4.8"]

1. e4 {[%clk 1:28:14]} e6 {[%clk 1:30:53]} 2. d4 {[%clk 1:27:59]} d5
{[%clk 1:31:16]} 3. Nc3 {[%clk 1:28:25]} Nf6 {[%clk 1:31:38]} 4. Bg5
{[%clk 1:28:27]} Be7 {[%clk 1:32:02]} 5. e5 {[%clk 1:28:44]} Nfd7
{[%clk 1:32:27]} 6. h4 {[%clk 1:28:51]} c5 {[%clk 1:32:52]} 7. Bxe7
{[%clk 1:25:09]} Kxe7 {[%clk 1:33:17]} 8. Qd2 {[%clk 1:22:23]} Nc6
{[%clk 1:31:42]} 9. Qg5+ {[%clk 1:13:24]} Kf8 {[%clk 1:32:04]} 10. Qxd8+
{[%clk 1:13:51]} Nxd8 {[%clk 1:32:27]} 11. f4 {[%clk 1:14:19]} Nc6
{[%clk 1:23:52]} 12. Nf3 {[%clk 1:14:44]} f6 {[%clk 1:24:06]} 13. exf6
{[%clk 1:03:08]} gxf6 {[%clk 1:24:23]} 14. Nb5 {[%clk 1:03:17]} Ke7
{[%clk 1:19:19]} 15. f5 {[%clk 1:03:33]} cxd4 {[%clk 1:05:22]} 16. Nc7
{[%clk 0:47:40]} e5 {[%clk 0:54:44]} 17. Nxa8 {[%clk 0:48:03]} Kd6
{[%clk 0:55:11]} 18. Ng5 {[%clk 0:48:27]} fxg5 {[%clk 0:54:12]} 19. hxg5
{[%clk 0:48:44]} Nb4 {[%clk 0:34:48]} 20. Rh6+ {[%clk 0:47:54]} Ke7
{[%clk 0:35:02]} 21. O-O-O {[%clk 0:47:16]} Nf8 {[%clk 0:34:53]} 22. g4
{[%clk 0:45:11]} Rg8 {[%clk 0:34:43]} 23. a3 {[%clk 0:45:14]} Nc6
{[%clk 0:34:25]} 24. Nc7 {[%clk 0:45:38]} Rxg5 {[%clk 0:34:10]} 25. Nxd5+
{[%clk 0:45:53]} Kf7 {[%clk 0:33:59]} 26. Bc4 {[%clk 0:43:17]} Kg7
{[%clk 0:34:13]} 27. Rdh1 {[%clk 0:43:38]} Nd8 {[%clk 0:33:06]} 28. Ne7
{[%clk 0:42:58]} Bd7 {[%clk 0:32:26]} 29. f6+ {[%clk 0:43:22]} Kh8
{[%clk 0:32:50]} 30. Bd3 {[%clk 0:43:47]} 1-0

[Event "Open A"]
[Site "Polanica-Zdroj"]
[Date "2017.08.20"]
[Round "2.2"]
[White "Domanski, Lukasz"]
[Black "Cyborowski, Lukasz"]
[Result "0-1"]
[BlackElo "2532"]
[WhiteElo "2102"]
[LiveChessVersion "1.4.8"]

1. e4 {[%clk 1:30:39]} g6 {[%clk 1:30:23]} 2. d4 {[%clk 1:29:57]} Bg7
{[%clk 1:30:47]} 3. Nc3 {[%clk 1:30:14]} d6 {[%clk 1:31:05]} 4. Nf3
{[%clk 1:30:20]} a6 {[%clk 1:29:41]} 5. a4 {[%clk 1:27:47]} Nf6 {[%clk 1:28:51]}
6. h3 {[%clk 1:27:37]} O-O {[%clk 1:28:08]} 7. Be3 {[%clk 1:27:30]} b6
{[%clk 1:25:50]} 8. Qd2 {[%clk 1:19:20]} Bb7 {[%clk 1:23:01]} 9. Bd3
{[%clk 1:11:49]} Nc6 {[%clk 1:20:57]} 10. Bh6 {[%clk 1:05:32]} e5
{[%clk 1:12:16]} 11. dxe5 {[%clk 1:01:39]} Nxe5 {[%clk 1:12:25]} 12. Nxe5
{[%clk 1:01:30]} dxe5 {[%clk 1:12:50]} 13. O-O {[%clk 0:57:04]} Qe7
{[%clk 1:12:48]} 14. Bxg7 {[%clk 0:56:31]} Kxg7 {[%clk 1:13:13]} 15. f4
{[%clk 0:50:05]} Rad8 {[%clk 1:11:03]} 16. Qe3 {[%clk 0:36:07]} exf4
{[%clk 1:05:32]} 17. Rxf4 {[%clk 0:34:13]} Nd7 {[%clk 1:04:41]} 18. Bc4
{[%clk 0:31:12]} Qc5 {[%clk 1:00:44]} 19. Qxc5 {[%clk 0:30:42]} Nxc5
{[%clk 1:01:10]} 20. Raf1 {[%clk 0:29:37]} f6 {[%clk 0:57:17]} 21. e5
{[%clk 0:17:57]} f5 {[%clk 0:55:59]} 22. b4 {[%clk 0:17:12]} Ne4 {[%clk 0:48:11]}
23. Nxe4 {[%clk 0:14:58]} Bxe4 {[%clk 0:48:37]} 24. Bxa6 {[%clk 0:12:34]} Rfe8
{[%clk 0:48:06]} 25. Bd3 {[%clk 0:09:56]} Bxd3 {[%clk 0:46:18]} 26. cxd3
{[%clk 0:10:17]} Rxe5 {[%clk 0:46:45]} 27. Rc4 {[%clk 0:09:22]} Rxd3
{[%clk 0:44:43]} 28. Rxc7+ {[%clk 0:09:26]} Kh6 {[%clk 0:45:09]} 29. Rfc1
{[%clk 0:06:30]} Ra3 {[%clk 0:42:13]} 30. R7c6 {[%clk 0:03:55]} Re2
{[%clk 0:35:27]} 31. R1c3 {[%clk 0:01:34]} Raa2 {[%clk 0:24:31]} 32. Rg3
{[%clk 0:01:25]} f4 {[%clk 0:24:18]} 33. Rg4 {[%clk 0:00:48]} f3 {[%clk 0:24:46]}
34. Rh4+ {[%clk 0:00:38]} Kg5 {[%clk 0:25:10]} 35. Rg4+ {[%clk 0:00:57]} Kh5
{[%clk 0:25:37]} 36. Rc3 {[%clk 0:00:32]} f2+ {[%clk 0:25:43]} 0-1

[Event "Open A"]
[Site "Polanica-Zdroj"]
[Date "2017.08.20"]
[Round "2.3"]
[White "Shishkin, Vadim"]
[Black "Bielinski, Dariusz"]
[Result "1-0"]
[BlackElo "2073"]
[WhiteElo "2454"]
[LiveChessVersion "1.4.8"]

1. d4 {[%clk 1:30:58]} d6 {[%clk 1:30:00]} 2. Nf3 {[%clk 1:31:05]} g6
{[%clk 1:30:17]} 3. c4 {[%clk 1:31:28]} Bg7 {[%clk 1:30:40]} 4. Nc3
{[%clk 1:31:29]} Nd7 {[%clk 1:31:01]} 5. e4 {[%clk 1:31:35]} e5 {[%clk 1:31:21]}
6. Be2 {[%clk 1:30:29]} Ne7 {[%clk 1:31:09]} 7. h4 {[%clk 1:25:03]} h6
{[%clk 1:24:26]} 8. Be3 {[%clk 1:24:02]} a6 {[%clk 1:20:41]} 9. Qc2
{[%clk 1:06:01]} O-O {[%clk 1:11:33]} 10. Qd2 {[%clk 0:55:56]} Kh7
{[%clk 1:07:41]} 11. O-O-O {[%clk 0:56:10]} f5 {[%clk 1:02:19]} 12. dxe5
{[%clk 0:56:02]} dxe5 {[%clk 1:01:54]} 13. h5 {[%clk 0:47:24]} f4
{[%clk 0:56:54]} 14. hxg6+ {[%clk 0:47:44]} Nxg6 {[%clk 0:55:27]} 15. Bc5
{[%clk 0:48:09]} Rf7 {[%clk 0:46:46]} 16. Rh5 {[%clk 0:46:00]} Kg8
{[%clk 0:42:36]} 17. Ba3 {[%clk 0:42:14]} Qe8 {[%clk 0:41:04]} 18. Nd5
{[%clk 0:40:22]} Ndf8 {[%clk 0:36:06]} 19. Nh4 {[%clk 0:37:06]} Nxh4
{[%clk 0:33:25]} 20. Rxh4 {[%clk 0:37:31]} Ng6 {[%clk 0:33:40]} 21. Rh2
{[%clk 0:31:30]} Be6 {[%clk 0:32:04]} 22. Bh5 {[%clk 0:29:12]} Kh7
{[%clk 0:32:10]} 23. Bxg6+ {[%clk 0:23:38]} Kxg6 {[%clk 0:31:47]} 24. Qe2
{[%clk 0:23:50]} c6 {[%clk 0:29:44]} 25. Rdh1 {[%clk 0:19:16]} f3
{[%clk 0:08:46]} 26. Qe3 {[%clk 0:18:59]} Qh8 {[%clk 0:06:56]} 27. Ne7+
{[%clk 0:18:36]} Rxe7 {[%clk 0:07:20]} 28. Bxe7 {[%clk 0:19:03]} fxg2
{[%clk 0:05:33]} 29. Rxg2+ {[%clk 0:18:52]} Kf7 {[%clk 0:05:57]} 30. Bg5
{[%clk 0:17:11]} h5 {[%clk 0:02:51]} 31. Qf3+ {[%clk 0:16:53]} 1-0

[Event "Open A"]
[Site "Polanica-Zdroj"]
[Date "2017.08.20"]
[Round "2.4"]
[White "Lapaj, Mateusz"]
[Black "Voloshin, Leonid"]
[Result "1/2-1/2"]
[BlackElo "2369"]
[WhiteElo "2093"]
[LiveChessVersion "1.4.8"]

1. d4 {[%clk 1:29:59]} Nf6 {[%clk 1:30:28]} 2. Nc3 {[%clk 1:30:23]} d5
{[%clk 1:30:53]} 3. Bg5 {[%clk 1:30:48]} c5 {[%clk 1:31:15]} 4. e3
{[%clk 1:30:44]} Nc6 {[%clk 1:30:45]} 5. Bxf6 {[%clk 1:19:09]} gxf6
{[%clk 1:27:35]} 6. Nf3 {[%clk 1:16:13]} Bg4 {[%clk 1:22:53]} 7. Be2
{[%clk 1:14:04]} e6 {[%clk 1:21:58]} 8. Qd2 {[%clk 1:04:49]} Qa5 {[%clk 1:09:12]}
9. dxc5 {[%clk 0:59:55]} Bxc5 {[%clk 1:08:26]} 10. Nd4 {[%clk 0:59:00]} Bxe2
{[%clk 0:57:08]} 11. Nb3 {[%clk 0:51:52]} Qb4 {[%clk 0:49:45]} 12. a3
{[%clk 0:46:11]} Qc4 {[%clk 0:46:36]} 13. Nxc5 {[%clk 0:45:27]} Qxc5
{[%clk 0:46:50]} 14. Nxe2 {[%clk 0:45:35]} Ne5 {[%clk 0:41:46]} 15. O-O
{[%clk 0:33:55]} Rg8 {[%clk 0:38:54]} 16. Kh1 {[%clk 0:34:09]} O-O-O
{[%clk 0:31:29]} 17. Qd4 {[%clk 0:25:18]} Qxd4 {[%clk 0:28:59]} 18. exd4
{[%clk 0:25:06]} Nc4 {[%clk 0:25:09]} 19. b3 {[%clk 0:25:22]} Na5
{[%clk 0:25:24]} 20. Rfc1 {[%clk 0:24:27]} Kb8 {[%clk 0:23:22]} 21. Rab1
{[%clk 0:24:50]} Rc8 {[%clk 0:23:28]} 22. g3 {[%clk 0:24:57]} Rc6
{[%clk 0:19:48]} 23. Rb2 {[%clk 0:23:42]} Rgc8 {[%clk 0:19:12]} 24. Kg2
{[%clk 0:22:10]} Kc7 {[%clk 0:14:12]} 25. Kf3 {[%clk 0:22:33]} Kd6
{[%clk 0:13:59]} 26. Ke3 {[%clk 0:22:17]} Ke7 {[%clk 0:09:51]} 27. Kd3
{[%clk 0:22:01]} b5 {[%clk 0:09:01]} 28. c3 {[%clk 0:20:15]} Nb7 {[%clk 0:06:26]}
29. Ra1 {[%clk 0:20:12]} a5 {[%clk 0:04:29]} 30. a4 {[%clk 0:20:11]} b4
{[%clk 0:03:20]} 31. cxb4 {[%clk 0:20:25]} axb4 {[%clk 0:03:47]} 32. Raa2
{[%clk 0:20:27]} Na5 {[%clk 0:04:04]} 33. Rc2 {[%clk 0:15:29]} Nxb3
{[%clk 0:02:29]} 34. Rxc6 {[%clk 0:15:49]} Rxc6 {[%clk 0:02:57]} 35. Rb2
{[%clk 0:16:12]} Na5 {[%clk 0:01:13]} 36. Rxb4 {[%clk 0:16:30]} Rc8
{[%clk 0:01:26]} 37. Rb5 {[%clk 0:16:21]} Ra8 {[%clk 0:01:51]} 38. Nc3
{[%clk 0:15:59]} Kd7 {[%clk 0:01:28]} 39. f4 {[%clk 0:06:35]} Kc7
{[%clk 0:01:03]} 40. Rb1 {[%clk 0:31:40]} Nc6 {[%clk 0:31:11]} 41. Nb5+
{[%clk 0:20:52]} Kd7 {[%clk 0:31:00]} 42. Nc3 {[%clk 0:21:15]} Kc7
{[%clk 0:31:02]} 43. Nb5+ {[%clk 0:21:41]} Kd7 44. Nc3 Rb8 {[%clk 0:29:55]} 45.
Nb5 1/2-1/2

[Event "Open A"]
[Site "Polanica-Zdroj"]
[Date "2017.08.20"]
[Round "2.5"]
[White "Baumann, Dariusz"]
[Black "Kucza, Karol"]
[Result "0-1"]
[BlackElo "2320"]
[WhiteElo "2067"]
[LiveChessVersion "1.4.8"]

1. d4 {[%clk 1:30:29]} Nf6 {[%clk 1:30:53]} 2. Nf3 {[%clk 1:30:34]} e6
{[%clk 1:30:04]} 3. c4 {[%clk 1:30:05]} d5 {[%clk 1:29:51]} 4. g3
{[%clk 1:30:10]} Bb4+ {[%clk 1:29:47]} 5. Bd2 {[%clk 1:30:15]} Be7
{[%clk 1:30:11]} 6. Bg2 {[%clk 1:30:36]} c6 {[%clk 1:30:27]} 7. Qc2
{[%clk 1:30:35]} Nbd7 {[%clk 1:28:35]} 8. O-O {[%clk 1:30:44]} b6
{[%clk 1:28:39]} 9. b3 {[%clk 1:26:55]} Ba6 {[%clk 1:28:23]} 10. Bf4
{[%clk 1:23:37]} O-O {[%clk 1:26:56]} 11. Nbd2 {[%clk 1:22:25]} Nh5
{[%clk 1:25:10]} 12. e4 {[%clk 1:21:57]} Nxf4 {[%clk 1:25:19]} 13. gxf4
{[%clk 1:22:17]} Rc8 {[%clk 1:23:27]} 14. Rfe1 {[%clk 1:16:47]} Nf6
{[%clk 1:12:20]} 15. Qd3 {[%clk 1:12:00]} c5 {[%clk 1:06:05]} 16. exd5
{[%clk 1:01:41]} exd5 {[%clk 0:59:14]} 17. Ne5 {[%clk 0:56:38]} cxd4
{[%clk 0:58:37]} 18. Qxd4 {[%clk 0:56:18]} Bc5 {[%clk 0:57:48]} 19. Qd3
{[%clk 0:55:17]} Bb4 {[%clk 0:49:32]} 20. Rec1 {[%clk 0:50:09]} Bxd2
{[%clk 0:24:29]} 21. Qxd2 {[%clk 0:49:51]} dxc4 {[%clk 0:24:49]} 22. Qxd8
{[%clk 0:49:51]} Rfxd8 {[%clk 0:25:04]} 23. bxc4 {[%clk 0:49:11]} Kf8
{[%clk 0:14:23]} 24. a4 {[%clk 0:36:18]} Rc5 {[%clk 0:11:14]} 25. Rd1
{[%clk 0:31:07]} Rdc8 {[%clk 0:07:15]} 26. Bd5 {[%clk 0:22:08]} R8c7
{[%clk 0:05:36]} 27. Rd4 {[%clk 0:19:54]} Nd7 {[%clk 0:02:41]} 28. Nd3
{[%clk 0:12:43]} Ra5 {[%clk 0:03:11]} 29. Nb4 {[%clk 0:11:35]} Nc5
{[%clk 0:01:48]} 30. Bc6 {[%clk 0:09:51]} Ne6 {[%clk 0:01:54]} 31. Re4
{[%clk 0:06:38]} Bb7 {[%clk 0:01:25]} 32. Bxb7 {[%clk 0:03:08]} Rxb7
{[%clk 0:01:54]} 33. Nc6 {[%clk 0:02:52]} Rc5 {[%clk 0:01:53]} 34. Ne5
{[%clk 0:03:07]} g6 {[%clk 0:00:45]} 35. Rd1 {[%clk 0:02:48]} Kg7
{[%clk 0:00:38]} 36. Rd5 {[%clk 0:02:50]} Rbc7 {[%clk 0:00:39]} 37. Kf1
{[%clk 0:02:54]} f5 {[%clk 0:00:47]} 38. Re3 {[%clk 0:01:28]} Nxf4
{[%clk 0:01:16]} 39. Rd4 {[%clk 0:01:34]} Ne6 {[%clk 0:00:52]} 40. Rd6
{[%clk 0:31:16]} Ng5 {[%clk 0:30:36]} 41. Rd5 {[%clk 0:17:49]} Ne4
{[%clk 0:28:54]} 42. f3 {[%clk 0:16:26]} Nf6 {[%clk 0:28:47]} 43. Rd4
{[%clk 0:15:59]} Ra5 {[%clk 0:27:26]} 44. h4 {[%clk 0:09:59]} Rxa4
{[%clk 0:26:53]} 45. Rd6 {[%clk 0:08:57]} Ra1+ {[%clk 0:24:11]} 46. Kf2
{[%clk 0:08:54]} Re7 {[%clk 0:22:10]} 47. Re2 {[%clk 0:08:03]} Rh1
{[%clk 0:21:45]} 48. Kg2 {[%clk 0:06:00]} Rxh4 {[%clk 0:21:36]} 49. Rdd2
{[%clk 0:03:55]} Nh5 {[%clk 0:17:24]} 50. Nd3 {[%clk 0:04:05]} Rxe2+
{[%clk 0:16:39]} 51. Rxe2 {[%clk 0:04:13]} Rxc4 {[%clk 0:16:11]} 52. Re7+
{[%clk 0:04:18]} Kf6 {[%clk 0:16:24]} 53. Rxh7 {[%clk 0:04:03]} Nf4+
{[%clk 0:16:26]} 54. Nxf4 {[%clk 0:04:24]} Rxf4 {[%clk 0:16:51]} 55. Rxa7
{[%clk 0:04:44]} Rd4 {[%clk 0:16:28]} 56. Rb7 {[%clk 0:04:53]} Rd6
{[%clk 0:16:48]} 57. Kf2 {[%clk 0:04:40]} Ke5 {[%clk 0:17:02]} 58. Ke3
{[%clk 0:04:22]} Kd5 {[%clk 0:14:15]} 59. Rb8 {[%clk 0:03:38]} Kc4
{[%clk 0:14:08]} 60. Ke2 {[%clk 0:03:49]} b5 {[%clk 0:14:30]} 61. Rc8+
{[%clk 0:03:34]} Kb3 {[%clk 0:14:52]} 62. Rb8 {[%clk 0:03:47]} b4
{[%clk 0:15:17]} 63. Rb7 {[%clk 0:03:57]} Kc3 {[%clk 0:15:36]} 64. Rc7+
{[%clk 0:04:12]} Kb2 {[%clk 0:16:01]} 65. Rb7 {[%clk 0:04:35]} b3
{[%clk 0:16:25]} 66. Rb8 {[%clk 0:04:57]} Kc2 {[%clk 0:16:49]} 67. Rb7
{[%clk 0:05:02]} Re6+ {[%clk 0:17:11]} 68. Kf2 {[%clk 0:05:22]} Rc6
{[%clk 0:17:27]} 69. Ke2 {[%clk 0:00:34]} b2 {[%clk 0:17:45]} 0-1

[Event "Open A"]
[Site "Polanica-Zdroj"]
[Date "2017.08.20"]
[Round "2.6"]
[White "Zaleski, Lukasz"]
[Black "Mammadov, Vafa"]
[Result "1/2-1/2"]
[BlackElo "2066"]
[WhiteElo "2267"]
[LiveChessVersion "1.4.8"]

1. e4 {[%clk 1:30:53]} c5 {[%clk 1:30:41]} 2. Nf3 {[%clk 1:30:57]} e6
{[%clk 1:30:51]} 3. d4 {[%clk 1:31:03]} cxd4 {[%clk 1:31:08]} 4. Nxd4
{[%clk 1:31:20]} Nf6 {[%clk 1:31:25]} 5. Nc3 {[%clk 1:31:23]} d6 {[%clk 1:31:37]}
6. g3 {[%clk 1:31:15]} Nc6 {[%clk 1:30:14]} 7. Bg2 {[%clk 1:31:15]} Bd7
{[%clk 1:30:13]} 8. Ndb5 {[%clk 1:27:46]} Qb8 {[%clk 1:30:18]} 9. Bf4
{[%clk 1:25:27]} Ne5 {[%clk 1:30:03]} 10. Bg5 {[%clk 1:25:14]} a6
{[%clk 1:21:42]} 11. Bxf6 {[%clk 1:23:50]} gxf6 {[%clk 1:20:59]} 12. Nd4
{[%clk 1:23:48]} Qc7 {[%clk 1:17:24]} 13. O-O {[%clk 1:11:56]} Be7
{[%clk 1:11:59]} 14. Nce2 {[%clk 1:04:54]} h5 {[%clk 0:57:59]} 15. Nf4
{[%clk 0:59:31]} h4 {[%clk 0:55:03]} 16. Nh5 {[%clk 0:58:05]} O-O-O
{[%clk 0:52:16]} 17. Nf4 {[%clk 0:49:45]} Rdg8 {[%clk 0:48:53]} 18. Qe2
{[%clk 0:43:19]} hxg3 {[%clk 0:40:51]} 19. hxg3 {[%clk 0:43:29]} Qd8
{[%clk 0:34:41]} 20. c4 {[%clk 0:37:17]} Ng4 {[%clk 0:28:26]} 21. Nb3
{[%clk 0:33:43]} Kb8 {[%clk 0:25:43]} 22. Rfd1 {[%clk 0:30:27]} Qf8
{[%clk 0:24:26]} 23. a4 {[%clk 0:30:15]} f5 {[%clk 0:19:17]} 24. exf5
{[%clk 0:28:45]} Bc6 {[%clk 0:19:39]} 25. Bxc6 {[%clk 0:21:05]} bxc6
{[%clk 0:20:00]} 26. Qf3 {[%clk 0:20:33]} Qh6 {[%clk 0:19:18]} 27. Na5
{[%clk 0:20:17]} Ne5 {[%clk 0:18:01]} 28. Qb3+ {[%clk 0:16:25]} Kc7
{[%clk 0:15:45]} 29. Qb7+ {[%clk 0:16:35]} Kd8 {[%clk 0:15:53]} 30. Nxc6+
{[%clk 0:10:46]} Nxc6 {[%clk 0:16:09]} 31. Qb6+ {[%clk 0:10:29]} Kd7
{[%clk 0:15:14]} 32. fxe6+ {[%clk 0:09:49]} fxe6 {[%clk 0:15:29]} 33. Qb7+
{[%clk 0:09:57]} Kd8 {[%clk 0:15:09]} 34. Qb6+ {[%clk 0:09:03]} Kd7
{[%clk 0:15:27]} 35. Qb7+ {[%clk 0:08:22]} Kd8 {[%clk 0:15:48]} 36. Qb6+
{[%clk 0:05:05]} Kd7 {[%clk 0:16:10]} 1/2-1/2

[Event "Open A"]
[Site "Polanica-Zdroj"]
[Date "2017.08.20"]
[Round "2.7"]
[White "Talik, Patryk"]
[Black "Bugalski, Michal"]
[Result "1/2-1/2"]
[BlackElo "2250"]
[WhiteElo "2055"]
[LiveChessVersion "1.4.8"]

1. d4 {[%clk 1:30:57]} Nf6 {[%clk 1:29:10]} 2. c4 {[%clk 1:31:25]} b6
{[%clk 1:29:28]} 3. Nc3 {[%clk 1:31:50]} Bb7 {[%clk 1:29:43]} 4. Nf3
{[%clk 1:32:13]} e6 {[%clk 1:30:04]} 5. g3 {[%clk 1:32:39]} g6 {[%clk 1:29:46]}
6. Bg2 {[%clk 1:33:05]} Bg7 {[%clk 1:30:11]} 7. O-O {[%clk 1:22:50]} O-O
{[%clk 1:30:32]} 8. Bg5 {[%clk 1:19:53]} h6 {[%clk 1:29:29]} 9. Bxf6
{[%clk 1:17:15]} Qxf6 {[%clk 1:29:19]} 10. e4 {[%clk 1:15:28]} Qe7
{[%clk 1:26:20]} 11. Qd3 {[%clk 1:06:58]} d6 {[%clk 1:23:30]} 12. Rad1
{[%clk 1:06:22]} Nd7 {[%clk 1:23:33]} 13. Rfe1 {[%clk 1:01:41]} a6
{[%clk 1:20:57]} 14. Bh3 {[%clk 0:58:46]} c6 {[%clk 1:15:29]} 15. a3
{[%clk 0:56:53]} Rfd8 {[%clk 1:02:59]} 16. Qe3 {[%clk 0:54:32]} b5
{[%clk 0:53:32]} 17. Bf1 {[%clk 0:45:25]} bxc4 {[%clk 0:49:07]} 18. Bxc4
{[%clk 0:44:14]} a5 {[%clk 0:40:50]} 19. e5 {[%clk 0:36:01]} d5 {[%clk 0:40:16]}
20. Bd3 {[%clk 0:35:08]} c5 {[%clk 0:40:05]} 21. Nb5 {[%clk 0:32:10]} cxd4
{[%clk 0:39:21]} 22. Nbxd4 {[%clk 0:30:58]} Rdc8 {[%clk 0:30:43]} 23. Rc1
{[%clk 0:29:32]} Rc5 {[%clk 0:30:25]} 24. Nb3 {[%clk 0:26:16]} d4
{[%clk 0:23:51]} 25. Nbxd4 {[%clk 0:18:03]} Nxe5 {[%clk 0:23:39]} 26. Rxc5
{[%clk 0:13:03]} Nxd3 {[%clk 0:23:54]} 27. Rxa5 {[%clk 0:04:46]} Nxe1
{[%clk 0:19:15]} 28. Rxa8+ {[%clk 0:01:28]} Bxa8 {[%clk 0:19:38]} 29. Nxe1
{[%clk 0:00:37]} Qb7 {[%clk 0:18:48]} 30. f3 {[%clk 0:00:33]} Qxb2
{[%clk 0:18:03]} 31. Ndc2 {[%clk 0:00:51]} Bb7 {[%clk 0:15:01]} 32. Qc5
{[%clk 0:00:52]} Bf8 {[%clk 0:14:54]} 33. Qe3 {[%clk 0:00:42]} Qb5
{[%clk 0:15:00]} 34. Qd3 {[%clk 0:00:40]} Bc5+ {[%clk 0:12:40]} 35. Kg2
{[%clk 0:00:51]} Qc6 {[%clk 0:13:03]} 36. Nb4 {[%clk 0:00:44]} Qe8
{[%clk 0:11:45]} 37. Qc4 {[%clk 0:00:36]} Bd6 {[%clk 0:11:32]} 38. Ned3
{[%clk 0:00:51]} e5 {[%clk 0:12:00]} 39. Nf2 {[%clk 0:31:05]} Qa8
{[%clk 0:37:36]} 40. Qd3 {[%clk 0:31:04]} Bc5 {[%clk 0:33:55]} 41. Ng4
{[%clk 0:30:56]} h5 {[%clk 0:27:43]} 42. Nxe5 {[%clk 0:16:18]} Bxb4
{[%clk 0:27:02]} 43. Qc4 {[%clk 0:16:26]} Bxf3+ {[%clk 0:24:57]} 44. Nxf3
{[%clk 0:11:02]} Bxa3 {[%clk 0:24:08]} 45. h4 {[%clk 0:10:19]} Bd6
{[%clk 0:23:20]} 46. Qe2 {[%clk 0:10:19]} Qd5 {[%clk 0:22:06]} 47. Kh2
{[%clk 0:09:49]} Qf5 {[%clk 0:20:32]} 48. Ng5 {[%clk 0:07:26]} Kg7
{[%clk 0:20:09]} 49. Nf3 {[%clk 0:06:43]} Qg4 {[%clk 0:19:17]} 50. Qf2
{[%clk 0:06:33]} g5 {[%clk 0:11:23]} 51. Qd4+ {[%clk 0:03:10]} Qxd4
{[%clk 0:08:19]} 52. Nxd4 {[%clk 0:03:34]} Bc5 {[%clk 0:08:46]} 53. Nb3
{[%clk 0:03:10]} Bd6 {[%clk 0:08:34]} 54. Nd4 {[%clk 0:03:13]} Bc5
{[%clk 0:08:50]} 55. Nb3 {[%clk 0:03:39]} Be3 {[%clk 0:09:15]} 56. hxg5
{[%clk 0:04:01]} Kg6 {[%clk 0:09:45]} 57. Kg2 {[%clk 0:04:20]} Kxg5
{[%clk 0:09:00]} 58. Kf3 {[%clk 0:04:43]} Bb6 {[%clk 0:09:05]} 59. Nd2
{[%clk 0:05:01]} f5 {[%clk 0:09:33]} 60. Nc4 {[%clk 0:04:55]} Bc7
{[%clk 0:10:01]} 61. Ne3 {[%clk 0:04:21]} Bxg3 {[%clk 0:09:22]} 62. Nxf5
{[%clk 0:04:42]} Kxf5 {[%clk 0:09:34]} 63. Kxg3 {[%clk 0:05:07]} 1/2-1/2

[Event "Open A"]
[Site "Polanica-Zdroj"]
[Date "2017.08.20"]
[Round "2.9"]
[White "Kucharska, Honorata"]
[Black "Kowalczyk, Rafal"]
[Result "1/2-1/2"]
[BlackElo "2222"]
[WhiteElo "2041"]
[LiveChessVersion "1.4.8"]

1. e4 e5 2. Nf3 Nc6 3. Bb5 a6 4. Ba4 Nf6 5. Qe2 b5 6. Bb3 Be7 7. c3 d5 8. d3 O-O
9. O-O Re8 10. h3 h6 11. Nbd2 Bf8 12. Re1 Na5 13. Bc2 c5 14. Nf1 d4 15. Bd2 Bd7
16. Ng3 g6 17. Nh2 Qb6 18. Qf3 Bg7 19. cxd4 cxd4 20. b4 Nc6 21. Bb3 Be6 22. Ng4
Nxg4 23. Bxe6 Rxe6 24. Qxg4 a5 25. bxa5 Nxa5 26. Ne2 Nb7 27. f4 Nc5 28. Qf3 Rf6
29. Qg3 Ra3 30. Nc1 exf4 31. Bxf4 Re6 32. Nb3 Nxb3 33. axb3 Rxb3 34. Qf3 Re8 35.
Rf1 Qb7 36. Bd6 Rc8 37. e5 Qxf3 38. Rxf3 Bf8 39. Ra7 Bxd6 40. exd6 f5 41. Rb7 Ra3
42. Rf1 Ra6 43. Re1 Rxd6 44. Ree7 g5 45. Rg7+ Kf8 46. Rgf7+ Ke8 47. Rfe7+ Kd8 48.
Rf7 Re6 49. Rf8+ Re8 50. Rxf5 Rc7 51. Rbxb5 Re3 52. Rfd5+ Ke7 53. Rxd4 Re2 54.
Re4+ Rxe4 55. dxe4 Rc4 56. e5 Ke6 57. Kf2 h5 58. Kf3 Rc3+ 59. Kf2 h4 60. Ra5 Kxe5
1/2-1/2